Giáo dục và thời đại.

সংরক্ষণ করুন:
গ্রন্থ-পঞ্জীর বিবরন
বিন্যাস: সাময়িক পত্র
ভাষা:Vietnamese
প্রকাশিত: Hà Nội : Cơ quan của Bộ giáo dục và đào tạo.
বিষয়গুলি:
ট্যাগগুলো: ট্যাগ যুক্ত করুন
কোনো ট্যাগ নেই, প্রথমজন হিসাবে ট্যাগ করুন!
Thư viện lưu trữ: Mạng thư viện Đại học Đà Nẵng
LEADER 00743cas a2200289 a 4500
001 000043793
003 1855
005 20110906094408.0
008 010217b vm 000 vie
040 |a IRC  |c IRC  |d IRC 
041 0 |a vie 
082 1 4 |a 370  |b Gi-D 
245 0 0 |a Giáo dục và thời đại. 
260 |a Hà Nội :  |b Cơ quan của Bộ giáo dục và đào tạo. 
300 |c 28 cm. 
310 |a Ra chủ nhật hàng tuần. 
650 0 4 |a Giáo dục  |x Thời đại  |v Tạp chí. 
653 |a Giáo dục. 
OWN |a DUT 
999 |a From the UDN01 
TYP |a Printed language 
980 |a Mạng thư viện Đại học Đà Nẵng